El trabajo de orientación profesional (Record no. 78259)

MARC details
000 -CABECERA
campo de control de longitud fija 00555nam a2200205 a 4500
005 - FECHA Y HORA DE LA ÚLTIMA TRANSACCIÓN
campo de control 20210219153505.0
008 - ELEMENTOS DE LONGITUD FIJA--INFORMACIÓN GENERAL
campo de control de longitud fija 991125n 000 0 spa u
035 ## - NÚMERO DE CONTROL DEL SISTEMA
Número de control de sistema UPN01000102636
100 ## - ASIENTO PRINCIPAL--NOMBRE PERSONAL
Nombre de persona TALLART FABRE, Juana
222 ## - TÍTULO CLAVE
Título clave PEDAGOGIA CUBANA
245 ## - MENCIÓN DE TÍTULO
Título El trabajo de orientación profesional
300 ## - DESCRIPCIÓN FÍSICA
Extensión 45-49
362 ## - FECHAS DE PUBLICACIÓN Y/O DESIGNACIÓN SECUENCIAL
Fecha de publicación y/o designación secuencial 1989 Año 1, no. 2, jul.-sep.
653 0# - TERMINO DE INDIZACION - NO CONTROLADO
Término no controlado ELECCION DE CARRERA
653 0# - TERMINO DE INDIZACION - NO CONTROLADO
Término no controlado ORIENTACION VOCACIONAL
653 0# - TERMINO DE INDIZACION - NO CONTROLADO
Término no controlado VOCACION
700 ## - ASIENTO SECUNDARIO--NOMBRE DE PERSONAL
Nombre de persona MARTI, Jacqueline, coaut.
904 ## - ELEMENTOS DE DATOS D LOCAL, LDD (RLIN)
a AC
b 040447
905 ## - TIPO DE MATERIAL
Tipo de material Articulo

No items available.